| 000 | 00547pab a2200193 454500 | ||
|---|---|---|---|
| 008 | 180718b2004 xxu||||| |||| 00| 0 eng d | ||
| 100 | _aSantos-Paulino, Amelia | ||
| 245 | _aThe impact of trade liberalisation on exports, imports and the balance of payments of developing countries | ||
| 260 | _c2004 | ||
| 300 | _ap.F 50-F 72. | ||
| 362 | _aFeb | ||
| 650 | _aBalance of payments | ||
| 650 | _aLiberalization | ||
| 650 | _aExports/Imports | ||
| 650 | _aTrade | ||
| 700 | _aThirlwale, A.P. | ||
| 773 | _aEconomic Journal | ||
| 909 | _a61439 | ||
| 999 |
_c61439 _d61439 |
||